Telčsko turistická mapa /

Other Authors: Rohlík, Jiří, 1933-
Language: Czech
Published: Praha : Trasa, 2001
Edition: 1. vyd.
Series: Edice Klubu českých turistů (Trasa)
Soubor turistických map
Physical Description: 1 list ; 89 x 58 cm složený na 20 x 13 cm
Map
Saved in:
LEADER 01346nem a2200385 a 4500
001 000580548
003 CZ BrMZK
005 20190116133216.0
008 011205s2001 xr f cze d
015 |a cnb001091964 
020 |a 80-85999-94-3 
040 |a BOA001  |b cze 
043 |a e-xr---  |b e-xr-vy  |2 czenas 
072 7 |a 913(4)  |x Geografie Evropy, reálie, cestování  |2 Konspekt  |9 7 
080 |a 796.51  |2 MRF 
080 |a 913(437.324)  |2 MRF 
080 |a 912.43:796.5  |2 MRF 
080 |a (084.3)  |2 MRF 
245 0 0 |a Telčsko  |h [kartografický dokument] :  |b turistická mapa /  |c [redaktor Jiří Rohlík] 
250 |a 1. vyd. 
255 |a 1:50 000 
260 |a Praha :  |b Trasa,  |c 2001 
300 |a 1 list ;  |c 89 x 58 cm složený na 20 x 13 cm 
490 1 |a Edice Klubu českých turistů ;  |v 98 
490 1 |a Soubor turistických map 
500 |a Text na rubu 
650 0 7 |a pěší turistika  |7 ph124864  |z Česko  |2 czenas 
651 7 |a Telč (Česko : oblast)  |7 ge131053  |2 czenas 
655 7 |a turistické mapy  |7 fd133737  |2 czenas 
700 1 |a Rohlík, Jiří,  |d 1933-  |7 jk01102602  |4 edt 
830 0 |a Edice Klubu českých turistů (Trasa) 
830 0 |a Soubor turistických map 
910 |a BOA001  |b Mp2-1094.427 
990 |a MP 
996 6 |b 2610148959  |c Mp2-1094.427  |l MZK  |r Sklad / do 1 hodiny  |n 2  |p p.v.  |w 000580548  |u 000010  |a 1  |e BOA001  |j MZK50  |s P